000
00314nam a22001337a 4500
008
170816b xxu||||| |||| 00| 0 eng d
020
_a
9780534403690
041
_a
eng
080
_2
3 ED
_a
51
100
_a
36
101
_a
MAT
245
_a
TEST BANK THE MATHEMATICAL PALETE
_c
DOMNITCH.J
942
_2
udc
_c
BK
999
_c
23782
_d
23782